The Macmillan encyclopedia / (Record no. 100985)

MARC details
000 -LEADER
fixed length control field 00739cam a2200229Ia 4500
008 - FIXED-LENGTH DATA ELEMENTS--GENERAL INFORMATION
fixed length control field
020 ## - INTERNATIONAL STANDARD BOOK NUMBER
International Standard Book Number 0333348079 (hbk. )
049 ## - LOCAL HOLDINGS (OCLC)
Holding library MAIN
050 00 - LIBRARY OF CONGRESS CALL NUMBER
Classification number REF AG30 ENC
003 - CONTROL NUMBER IDENTIFIER
control field
005 - DATE AND TIME OF LATEST TRANSACTION
control field 20230120191429.0
040 ## - CATALOGING SOURCE
Transcribing agency NUST
245 04 - TITLE STATEMENT
Title The Macmillan encyclopedia /
Statement of responsibility, etc. chief editor, Alan Isaacs.
250 ## - EDITION STATEMENT
Edition statement Rev. and Updated ed.
260 ## - PUBLICATION, DISTRIBUTION, ETC.
Place of publication, distribution, etc. Aylesbury :
Name of publisher, distributor, etc. Market House Books ,
Date of publication, distribution, etc. 1990.
300 ## - PHYSICAL DESCRIPTION
Extent 1336 p., [7] p. of plates :
Other physical details ill. (some col.), maps (some col.) ;
Dimensions 26 cm.
500 ## - GENERAL NOTE
General note "First published 1981 by Macmillan, London."--T.p. verso.
650 #0 - SUBJECT ADDED ENTRY--TOPICAL TERM
Topical term or geographic name entry element Encyclopedias and dictionaries.
700 1# - ADDED ENTRY--PERSONAL NAME
Personal name Isaacs, Alan.
907 ## - LOCAL DATA ELEMENT G, LDG (RLIN)
a .b10235139
b 28-02-07
c 28-02-07
942 ## - ADDED ENTRY ELEMENTS (KOHA)
Koha item type Ordinary Loan Books
Holdings
Date last seen Total Checkouts Full call number Barcode Cost, replacement price Price effective from Koha item type Lost status Source of classification or shelving scheme Damaged status Not for loan Collection Withdrawn status Home library Current library Shelving location Date acquired Cost, normal purchase price
01/20/2023   REF AG30 ENC 92003021637 80.00 01/20/2023 BOOKS   LCC     NFIC   MAIN MAIN GEN 01/20/2023 80.00